| 000 | 01122cam a22001934a 4500 | ||
|---|---|---|---|
| 005 | 20250605164359.0 | ||
| 008 | 250528s ||||||||||||||||||||||||d | ||
| 035 | _a24489 | ||
| 040 |
_aGR-AtMCL _bgre _dGR-AtMCL _eAACR2 |
||
| 245 | 1 | _a17th Airline Marketing Workshop - Make the Novel Way / By the Athens International Airport | |
| 260 | _c2017 | ||
| 300 | _a50 | ||
| 520 | _aΟ ΔΑΑ Δείχνει τον Novel Way του Marketing, Αρκεί το Καλό Περιεχόμενο για να 'Γοητεύσει' τον Καταναλωτή, Βραβεύτηκαν οι Καλύτερες Παρουσίες στο Ελληνικό Web, Με Πρωταγωνιστές τις Ηθικές Αξίες και το Συναίσθημα, Η Εύκολη Λύση στη Σίτιση 'Πεινά' για Καινοτομία, Στην Επιτυχία Συντελούν Πολλοί Παράγοντες με Βασικότερο το Καθαυτό Προϊόν. | ||
| 700 | 1 |
_aΚορδελάς Δημήτρης _99464 |
|
| 942 | _cCR | ||
| 710 | 2 |
_aThe Marketing Week _99825 |
|
| 999 |
_c9367 _d9367 |
||